| 000 | 00593nam a2200217Ia 4500 | ||
|---|---|---|---|
| 005 | 20250115054409.0 | ||
| 008 | 240331s9999 xx 000 0 und d | ||
| 020 | _a0415904781 | ||
| 082 |
_bNAN _25191 _a305.3 |
||
| 245 | 0 |
_aGender Politics and Post-Communism _bReflections from Eastern Europe and the Former Soviet Union |
|
| 260 |
_aNew York _aLondon _bRoutledge _c1993 |
||
| 300 | _ax, 349 p., | ||
| 650 | _aGender | ||
| 650 | _aPolitics | ||
| 650 | _aWomen | ||
| 650 | _aPost-Communism | ||
| 650 | _aSoviet Union | ||
| 700 |
_aFunk, N _eedt |
||
| 700 |
_aMueller, M _eedt |
||
| 942 | _cL | ||
| 999 |
_c1579 _d1579 |
||